Emergency management and preparedness : hearing before the Subcommittee on Government Management, Information, and Technology of the Committee on Government Reform, House of Representatives, One Hundred Sixth Congress, first session, August 16, 1999.

Bibliographic Details
Corporate Authors: United States. Congress. House. Committee on Government Reform. Subcommittee on Government Management, Information, and Technology, ProQuest (Firm)
Format: Government Document eBook
Language:English
Published: Washington : U.S. G.P.O. : 2000.
Series:U.S. Congressional Hearings.
Subjects:
Online Access:Connect to the full text of this electronic book

MARC

Tag First Indicator Second Indicator Subfields
LEADER 00000cam a22000001a 4500
001 in00003246721
006 m d f
007 cr bn mmmapmmp
008 090922s2000 dcu o f000 0 eng d
005 20260504164310.6
035 |a cis2007471204 
040 |a UMI  |c UMI  |d UtOrBLW 
043 |a n-us--- 
074 |a 1016-A 
074 |a 1016-A (online) 
074 |a 1016-B (MF) 
074 |a 1016-B (online) 
086 0 |a Y 4.G 74/7:EM 3/6  |z Y 4.G 74/7:EM 3/16 
088 |a Serial no. 106-117 (United States. Congress. House. Committee on Government Reform) 
099 |a HRG-1999-HGR-0120 
110 1 |a United States.  |b Congress.  |b House.  |b Committee on Government Reform.  |b Subcommittee on Government Management, Information, and Technology. 
245 1 0 |a Emergency management and preparedness :  |b hearing before the Subcommittee on Government Management, Information, and Technology of the Committee on Government Reform, House of Representatives, One Hundred Sixth Congress, first session, August 16, 1999. 
264 1 |a Washington :  |b U.S. G.P.O. :  |c 2000. 
264 2 |a Washington :  |b [Congressional Sales Office, Supt. of Docs., U.S. G.P.O., distributor], 
300 |a 1 online resource. 
336 |a text  |b txt  |2 rdacontent 
337 |a computer  |b c  |2 rdamedia 
338 |a online resource  |b cr  |2 rdacarrier 
500 |a Record is based on bibliographic data in ProQuest Congressional Hearings Digital Collection. Reuse except for individual research requires license from ProQuest, LLC. 
530 |a Also available via Internet from the GPO Access web site. Addresses as of 11/1/00: http://frwebgate.access.gpo.gov/cgi-bin/useftp.cgi?IPaddress=162- .140.64.21&file name=64491.wais&directory=/diskb/wais/data/106_house_hearings (text version), http://frwebgate.access.gpo.gov/cgi-bin/useftp.cgi?IPaddress=162- .140.64.21&file name=64491.pdf&directory=/diskb/wais/data/106_house_hearings (PDF version); current access is available via PURLs. 
538 |a System requirements: PDF reader software. 
500 |a Electronic resource. 
650 0 |a Chemical weapons disposal  |z Oregon  |z Umatilla  |x Safety measures. 
650 0 |a Emergency management  |z Oregon  |z Umatilla. 
655 7 |a Electronic books.  |2 local 
710 2 |a ProQuest (Firm) 
776 0 8 |i Print version:  |a United States. Congress. House. Committee on Government Reform. Subcommittee on Government Management, Information, and Technology.  |t Emergency management and preparedness  |w (DLC)00457099  |w (OCoLC)ocm45270863  |w (GPO)apn2000-025262 
776 0 8 |i Microfiche version:  |a United States. Congress. House. Committee on Government Reform. Subcommittee on Government Management, Information, and Technology.  |t Emergency management and preparedness.  |d [Bethesda, Md.] : ProQuest,[2004]  |o CIS 00 H401-95  |w (ProQuest)cis00000481 
830 0 |a U.S. Congressional Hearings. 
856 4 0 |u http://proxy.library.tamu.edu/login?url=https://congressional.proquest.com/congcomp/getdoc?HEARING-ID=HRG-1999-HGR-0120  |z Connect to the full text of this electronic book  |t 0 
998 |a cis00000481 
999 |a MARS 
999 f f |s 085d0fc5-bf97-3f9a-b21d-96de871b984e  |i 2d789e1e-24a5-3922-a386-b2bae4c43812  |t 0 
952 f f |a Texas A&M University  |b College Station  |c Electronic Resources  |s www_evans  |d Available Online  |t 0  |e HRG-1999-HGR-0120  |h Other scheme 
998 f f |a HRG-1999-HGR-0120  |t 0  |l Available Online